[Event "Redbull chessmasters 2019"]
[Site "Istambul"]
[Date "2019.11.24"]
[Round "2.9"]
[White "Inan, Canberk"]
[Black "Tasdogen, Dincer"]
[Result "1/2-1/2"]
[WhiteElo "1941"]
[BlackElo "2301"]
[Annotator "ChessBase"]
[PlyCount "96"]
[EventDate "2019.11.23"]
[EventType "k.o."]
[EventCountry "TUR"]
[SourceTitle "playchess.com"]
[Source "ChessBase"]
[SourceQuality "1"]
[TimeControl "600+5"]

1. d4 {[%emt 0:00:00]} d6 {[%emt 0:00:04]} 2. c4 {[%emt 0:00:01]} e5 {[%emt 0:00:00]} 3. Nc3 {[%emt 0:00:03]} exd4 {[%emt 0:00:03]} 4. Qxd4 {[%emt 0:00:05]} Nc6 {[%emt 0:00:05]} 5. Qd2 {[%emt 0:00:17]} Nf6 {[%emt 0:00:00]} 6. Nf3 {[%emt 0:00:15]} Be6 {[%emt 0:00:32]} 7. e3 {[%emt 0:00:22]} d5 {[%emt 0:00:40]} 8. cxd5 {[%emt 0:00:14]} Nxd5 {[%emt 0:00:05]} 9. Bb5 {[%emt 0:00:04]} Bb4 {[%emt 0:01:30]} 10. e4 {[%emt 0:00:49]} Nf6 {[%emt 0:01:03]} 11. O-O {[%emt 0:00:49]} O-O {[%emt 0:00:17]} 12. Qe2 {[%emt 0:00:44]} Bg4 {[%emt 0:01:17]} 13. Bxc6 {[%emt 0:00:05]} bxc6 {[%emt 0:00:00]} 14. Bg5 {[%emt 0:00:22]} h6 {[%emt 0:00:43]} 15. Bh4 {[%emt 0:00:12]} g5 {[%emt 0:00:24]} 16. Bg3 {[%emt 0:00:05]} Re8 {[%emt 0:00:12]} 17. e5 {[%emt 0:00:25]} Bxc3 {[%emt 0:01:01]} 18. bxc3 {[%emt 0:00:01]} Nh5 {[%emt 0:00:16]} 19. h3 {[%emt 0:01:15]} Nxg3 {[%emt 0:00:17]} 20. fxg3 {[%emt 0:00:05]} Bh5 {[%emt 0:00:45]} 21. g4 {[%emt 0:00:10]} Bg6 {[%emt 0:00:01]} 22. Rad1 {[%emt 0:00:26]} Qe7 {[%emt 0:00:02]} 23. Qc4 {[%emt 0:00:21]} Qe6 {[%emt 0:00:56]} 24. Qxe6 {[%emt 0:00:08]} Rxe6 {[%emt 0:00:05]} 25. Rd7 {[%emt 0:00:11]} c5 {[%emt 0:01:34]} 26. Rxc7 {[%emt 0:00:15]} Ra6 {[%emt 0:00:09]} 27. Rf2 {[%emt 0:00:43]} Rd8 {[%emt 0:00:04]} 28. Rxc5 {[%emt 0:00:26]} Rd1+ {[%emt 0:00:05]} 29. Kh2 {[%emt 0:00:00]} Ra1 {[%emt 0:00:00]} 30. Nd4 {[%emt 0:01:19]} R1xa2 {[%emt 0:00:04]} 31. Rxa2 {[%emt 0:00:05]} Rxa2 {[%emt 0:00:05]} 32. Nf5 {[%emt 0:00:02]} Kh7 {[%emt 0:00:14]} 33. Rc7 {[%emt 0:00:14]} Re2 {[%emt 0:00:01]} 34. Nd6 {[%emt 0:00:10]} Kg8 {[%emt 0:00:01]} 35. Rxa7 {[%emt 0:00:54]} Rxe5 {[%emt 0:00:02]} 36. c4 {[%emt 0:00:04]} Rc5 {[%emt 0:00:15]} 37. Ra4 {[%emt 0:00:23]} Kf8 {[%emt 0:00:04]} 38. Rb4 {[%emt 0:00:21]} Bd3 {[%emt 0:00:04]} 39. Kg3 {[%emt 0:00:29]} Rc6 {[%emt 0:00:05]} 40. Nf5 {[%emt 0:00:06]} Ke8 {[%emt 0:00:07]} 41. Ne3 {[%emt 0:00:07]} Rc5 {[%emt 0:00:05]} 42. Kf3 {[%emt 0:00:08]} Kf8 {[%emt 0:00:02]} 43. Rb6 {[%emt 0:00:10]} Bxc4 {[%emt 0:00:08]} 44. Nxc4 {[%emt 0:00:02]} Rxc4 {[%emt 0:00:00]} 45. Rxh6 {[%emt 0:00:02]} Kg7 {[%emt 0:00:00]} 46. Ra6 {[%emt 0:00:01]} Rf4+ {[%emt 0:00:10]} 47. Kg3 {[%emt 0:00:04]} Rb4 {[%emt 0:00:01]} 48. Ra5 {[%emt 0:00:02]} Kg6 {[%emt 0:00:01]} 1/2-1/2

[Event "Redbull chessmasters 2019"]
[Site "Istambul"]
[Date "2019.11.24"]
[Round "2.10"]
[White "Burcu, Cagatay"]
[Black "Ozdemir, Serhan Berat"]
[Result "1-0"]
[WhiteElo "2331"]
[BlackElo "2096"]
[Annotator "NA"]
[PlyCount "143"]
[EventDate "2019.11.23"]
[EventType "k.o."]
[EventCountry "TUR"]
[SourceTitle "playchess.com"]
[Source "ChessBase"]
[SourceQuality "1"]
[TimeControl "600+5"]

1. d4 {[%emt 0:00:00]} Nf6 {[%emt 0:00:00]} 2. Bf4 {[%emt 0:00:03]} g6 {[%emt 0:00:01]} 3. Nc3 {[%emt 0:00:05]} d5 {[%emt 0:00:05]} 4. e3 {[%emt 0:00:00]} Bg7 {[%emt 0:00:05]} 5. h4 {[%emt 0:00:01]} h5 {[%emt 0:00:05]} 6. Nf3 {[%emt 0:00:05]} O-O {[%emt 0:00:05]} 7. Be2 {[%emt 0:00:00]} c5 {[%emt 0:00:07]} 8. Qd2 {[%emt 0:00:03]} Nc6 {[%emt 0:00:13]} 9. O-O-O {[%emt 0:00:23]} Bf5 {[%emt 0:00:28]} 10. dxc5 {[%emt 0:02:19]} Qa5 {[%emt 0:00:17]} 11. Nd4 {[%emt 0:00:08]} Nxd4 {[%emt 0:02:59]} 12. exd4 {[%emt 0:00:08]} b6 {[%emt 0:00:24]} 13. c6 {[%emt 0:00:43]} Rac8 {[%emt 0:00:30]} 14. c7 {[%emt 0:00:01]} a6 {[%emt 0:01:48]} 15. Kb1 {[%emt 0:00:17]} Kh8 {[%emt 0:00:30]} 16. Be5 {[%emt 0:00:46]} b5 {[%emt 0:00:31]} 17. Bxf6 {[%emt 0:00:02]} exf6 {[%emt 0:01:03]} 18. Nxd5 {[%emt 0:01:27]} Qxd2 {[%emt 0:00:18]} 19. Rxd2 {[%emt 0:00:14]} Be4 {[%emt 0:00:00]} 20. Ne3 {[%emt 0:00:33]} Bh6 {[%emt 0:00:10]} 21. Bd3 {[%emt 0:01:51]} Bxg2 {[%emt 0:00:35]} 22. Rg1 {[%emt 0:00:12]} Bf3 {[%emt 0:00:02]} 23. Be2 {[%emt 0:00:38]} Bb7 {[%emt 0:00:26]} 24. d5 {[%emt 0:00:21]} Rxc7 {[%emt 0:00:05]} 25. d6 {[%emt 0:00:15]} Rd7 {[%emt 0:00:16]} 26. Rd4 {[%emt 0:00:05]} Re8 {[%emt 0:00:04]} 27. a4 {[%emt 0:01:25]} Bxe3 {[%emt 0:00:52]} 28. fxe3 {[%emt 0:00:05]} Rxe3 {[%emt 0:00:05]} 29. Bd3 {[%emt 0:00:00]} Bc6 {[%emt 0:00:12]} 30. axb5 {[%emt 0:00:02]} axb5 {[%emt 0:00:00]} 31. Rd1 {[%emt 0:00:12]} f5 {[%emt 0:00:11]} 32. Kc1 {[%emt 0:00:10]} Kg7 {[%emt 0:00:05]} 33. c4 {[%emt 0:00:00]} bxc4 {[%emt 0:00:00]} 34. Bxc4 {[%emt 0:00:00]} Kf6 {[%emt 0:00:07]} 35. b4 {[%emt 0:00:07]} Re4 {[%emt 0:00:10]} 36. b5 {[%emt 0:00:16]} Bb7 {[%emt 0:00:05]} 37. Bf1 {[%emt 0:00:05]} Rxd4 {[%emt 0:00:05]} 38. Rxd4 {[%emt 0:00:05]} Ke5 {[%emt 0:00:00]} 39. Rc4 {[%emt 0:00:00]} Rxd6 {[%emt 0:00:02]} 40. Rc7 {[%emt 0:00:00]} Bd5 {[%emt 0:00:00]} 41. Kb2 {[%emt 0:00:00]} Kd4 {[%emt 0:00:17]} 42. Ka3 {[%emt 0:00:02]} f4 {[%emt 0:00:06]} 43. Kb4 {[%emt 0:00:02]} f3 {[%emt 0:00:01]} 44. Ka5 {[%emt 0:00:04]} f2 {[%emt 0:00:07]} 45. b6 {[%emt 0:00:20]} f5 {[%emt 0:00:00]} 46. b7 {[%emt 0:00:00]} Bxb7 {[%emt 0:00:02]} 47. Rxb7 {[%emt 0:00:01]} Re6 {[%emt 0:00:05]} 48. Rb2 {[%emt 0:00:05]} Re5+ {[%emt 0:00:05]} 49. Kb6 {[%emt 0:00:05]} Ke3 {[%emt 0:00:05]} 50. Re2+ {[%emt 0:00:05]} Kf4 {[%emt 0:00:05]} 51. Rxf2+ {[%emt 0:00:05]} Kg3 {[%emt 0:00:05]} 52. Rg2+ {[%emt 0:00:05]} Kxh4 {[%emt 0:00:05]} 53. Rxg6 {[%emt 0:00:05]} Re1 {[%emt 0:00:05]} 54. Bc4 {[%emt 0:00:14]} f4 {[%emt 0:00:14]} 55. Bd5 {[%emt 0:00:01]} Re5 {[%emt 0:00:00]} 56. Kc6 {[%emt 0:00:05]} Rg5 {[%emt 0:00:00]} 57. Rf6 {[%emt 0:00:03]} Kg3 {[%emt 0:00:00]} 58. Kc5 {[%emt 0:00:03]} h4 {[%emt 0:00:12]} 59. Kd4 {[%emt 0:00:01]} h3 {[%emt 0:00:00]} 60. Bc6 {[%emt 0:00:21]} h2 {[%emt 0:00:21]} 61. Kd3 {[%emt 0:00:04]} Rc5 {[%emt 0:00:02]} 62. Be4 {[%emt 0:00:04]} Re5 {[%emt 0:00:05]} 63. Rg6+ {[%emt 0:00:03]} Kh4 {[%emt 0:00:05]} 64. Rh6+ {[%emt 0:00:07]} Rh5 {[%emt 0:00:05]} 65. Rf6 {[%emt 0:00:01]} Kg3 {[%emt 0:00:02]} 66. Rg6+ {[%emt 0:00:01]} Kf2 {[%emt 0:00:07]} 67. Bh1 {[%emt 0:00:06]} Rh3+ {[%emt 0:00:03]} 68. Ke4 {[%emt 0:00:10]} Rg3 {[%emt 0:00:01]} 69. Ra6 {[%emt 0:00:03]} Rg1 {[%emt 0:00:12]} 70. Kxf4 {[%emt 0:00:09]} Rxh1 {[%emt 0:00:06]} 71. Ra2+ {[%emt 0:00:01]} Kf1 {[%emt 0:00:02]} 72. Kf3 {[%emt 0:00:06]} 1-0

[Event "Redbull chessmasters 2019"]
[Site "Istambul"]
[Date "2019.11.24"]
[Round "2.11"]
[White "Ozsakallioglu, Okan"]
[Black "Yazici, Ugur Doga"]
[Result "1/2-1/2"]
[WhiteElo "2072"]
[BlackElo "2195"]
[Annotator "ChessBase"]
[PlyCount "107"]
[EventDate "2019.11.23"]
[EventType "k.o."]
[EventCountry "TUR"]
[SourceTitle "playchess.com"]
[Source "ChessBase"]
[SourceQuality "1"]
[TimeControl "600+5"]

1. Nf3 {[%emt 0:00:00]} Nf6 {[%emt 0:00:03]} 2. g3 {[%emt 0:00:03]} e6 {[%emt 0:00:00]} 3. Bg2 {[%emt 0:00:05]} d5 {[%emt 0:00:05]} 4. d4 {[%emt 0:00:05]} Be7 {[%emt 0:00:10]} 5. O-O {[%emt 0:00:06]} O-O {[%emt 0:00:05]} 6. c4 {[%emt 0:00:00]} dxc4 {[%emt 0:00:10]} 7. Qc2 {[%emt 0:00:00]} a6 {[%emt 0:00:06]} 8. a4 {[%emt 0:00:18]} Nc6 {[%emt 0:01:33]} 9. Qxc4 {[%emt 0:00:16]} Qd5 {[%emt 0:00:32]} 10. Nbd2 {[%emt 0:00:38]} Qxc4 {[%emt 0:00:10]} 11. Nxc4 {[%emt 0:00:05]} Rd8 {[%emt 0:00:05]} 12. Rd1 {[%emt 0:00:05]} Nb4 {[%emt 0:00:46]} 13. Bf4 {[%emt 0:00:05]} Nfd5 {[%emt 0:00:47]} 14. Be5 {[%emt 0:00:22]} f6 {[%emt 0:00:09]} 15. Bf4 {[%emt 0:00:05]} Nxf4 {[%emt 0:00:05]} 16. gxf4 {[%emt 0:00:00]} Bd7 {[%emt 0:00:18]} 17. b3 {[%emt 0:00:25]} Bc6 {[%emt 0:00:13]} 18. Rac1 {[%emt 0:00:07]} a5 {[%emt 0:00:47]} 19. e3 {[%emt 0:00:45]} Be4 {[%emt 0:00:26]} 20. Ne1 {[%emt 0:00:06]} Bxg2 {[%emt 0:00:27]} 21. Kxg2 {[%emt 0:00:05]} b6 {[%emt 0:00:05]} 22. Nd3 {[%emt 0:00:05]} Rd7 {[%emt 0:00:05]} 23. Nxb4 {[%emt 0:00:05]} Bxb4 {[%emt 0:00:05]} 24. Rc2 {[%emt 0:00:05]} Kf7 {[%emt 0:00:05]} 25. Kf3 {[%emt 0:00:05]} Ke7 {[%emt 0:00:05]} 26. Nb2 {[%emt 0:00:05]} c5 {[%emt 0:00:05]} 27. Nc4 {[%emt 0:00:05]} Rb8 {[%emt 0:00:05]} 28. Rg1 {[%emt 0:00:05]} g6 {[%emt 0:00:05]} 29. dxc5 {[%emt 0:01:15]} Bxc5 {[%emt 0:00:49]} 30. h4 {[%emt 0:00:05]} Rd3 {[%emt 0:00:05]} 31. h5 {[%emt 0:00:05]} Kf7 {[%emt 0:00:09]} 32. hxg6+ {[%emt 0:00:08]} hxg6 {[%emt 0:00:05]} 33. Nd2 {[%emt 0:00:05]} Rbd8 {[%emt 0:00:05]} 34. Ne4 {[%emt 0:00:07]} R8d5 {[%emt 0:01:41]} 35. Rh1 {[%emt 0:00:24]} Kg7 {[%emt 0:00:24]} 36. Rhc1 {[%emt 0:00:12]} Rxb3 {[%emt 0:00:05]} 37. Nxc5 {[%emt 0:00:05]} bxc5 {[%emt 0:00:07]} 38. Rxc5 {[%emt 0:00:03]} Rb4 {[%emt 0:00:05]} 39. R5c4 {[%emt 0:00:05]} Rxc4 {[%emt 0:00:05]} 40. Rxc4 {[%emt 0:00:05]} f5 {[%emt 0:00:05]} 41. Rc6 {[%emt 0:00:05]} Kf6 {[%emt 0:00:05]} 42. Ke2 {[%emt 0:00:05]} Ke7 {[%emt 0:00:05]} 43. Rc7+ {[%emt 0:00:10]} Kd6 {[%emt 0:00:11]} 44. Rg7 {[%emt 0:00:24]} Kc5 {[%emt 0:00:14]} 45. Rxg6 {[%emt 0:00:05]} Rd6 {[%emt 0:00:00]} 46. f3 {[%emt 0:00:12]} Rb6 {[%emt 0:00:48]} 47. Rf6 {[%emt 0:00:22]} Kd5 {[%emt 0:00:13]} 48. Kd3 {[%emt 0:00:22]} Rb3+ {[%emt 0:00:05]} 49. Kd2 {[%emt 0:00:24]} Rb4 {[%emt 0:00:12]} 50. Kd3 {[%emt 0:00:48]} Rxa4 {[%emt 0:00:18]} 51. e4+ {[%emt 0:00:06]} fxe4+ {[%emt 0:00:15]} 52. fxe4+ {[%emt 0:00:01]} Rxe4 {[%emt 0:00:16]} 53. f5 {[%emt 0:00:01]} a4 {[%emt 0:00:09]} 54. Rxe6 {[%emt 0:00:35]} 1/2-1/2

[Event "Redbull chessmasters 2019"]
[Site "Istambul"]
[Date "2019.11.24"]
[Round "2.12"]
[White "Aydin, Leyla"]
[Black "Duru, Ipek"]
[Result "0-1"]
[WhiteElo "1333"]
[BlackElo "1566"]
[Annotator "NA"]
[PlyCount "112"]
[EventDate "2019.11.23"]
[EventType "k.o."]
[EventCountry "TUR"]
[SourceTitle "playchess.com"]
[Source "ChessBase"]
[SourceQuality "1"]
[TimeControl "600+5"]

1. e4 {[%emt 0:00:00]} e5 {[%emt 0:00:00]} 2. Nf3 {[%emt 0:00:05]} Nc6 {[%emt 0:00:05]} 3. d4 {[%emt 0:00:05]} exd4 {[%emt 0:00:05]} 4. Nxd4 {[%emt 0:00:05]} Nf6 {[%emt 0:00:05]} 5. Nc3 {[%emt 0:00:05]} Bb4 {[%emt 0:00:05]} 6. f3 {[%emt 0:00:17]} O-O {[%emt 0:00:15]} 7. Be3 {[%emt 0:00:29]} Bxc3+ {[%emt 0:00:18]} 8. bxc3 {[%emt 0:00:05]} Ne5 {[%emt 0:00:07]} 9. Bd3 {[%emt 0:00:22]} d5 {[%emt 0:00:17]} 10. O-O {[%emt 0:01:12]} dxe4 {[%emt 0:00:03]} 11. fxe4 {[%emt 0:00:24]} Nfg4 {[%emt 0:00:30]} 12. Qe2 {[%emt 0:00:56]} Qh4 {[%emt 0:00:50]} 13. h3 {[%emt 0:00:52]} Nxe3 {[%emt 0:01:38]} 14. Qxe3 {[%emt 0:00:09]} c5 {[%emt 0:00:48]} 15. Nf3 {[%emt 0:00:33]} Qg3 {[%emt 0:00:14]} 16. Qf2 {[%emt 0:00:33]} Qf4 {[%emt 0:00:50]} 17. Rad1 {[%emt 0:01:13]} Be6 {[%emt 0:00:38]} 18. Be2 {[%emt 0:00:44]} b6 {[%emt 0:00:26]} 19. Nh2 {[%emt 0:00:36]} Qxe4 {[%emt 0:00:19]} 20. Bf3 {[%emt 0:00:21]} Nxf3+ {[%emt 0:00:02]} 21. Nxf3 {[%emt 0:00:18]} Bxa2 {[%emt 0:00:30]} 22. Rfe1 {[%emt 0:00:05]} Qf5 {[%emt 0:00:33]} 23. Nh4 {[%emt 0:00:36]} Qxf2+ {[%emt 0:00:20]} 24. Kxf2 {[%emt 0:00:05]} Rad8 {[%emt 0:00:01]} 25. Nf5 {[%emt 0:00:16]} Be6 {[%emt 0:00:27]} 26. Ne7+ {[%emt 0:00:12]} Kh8 {[%emt 0:00:05]} 27. Nc6 {[%emt 0:00:05]} Rxd1 {[%emt 0:00:14]} 28. Rxd1 {[%emt 0:00:05]} a6 {[%emt 0:00:08]} 29. Ra1 {[%emt 0:00:08]} Rc8 {[%emt 0:00:20]} 30. Ne5 {[%emt 0:00:21]} f6 {[%emt 0:00:05]} 31. Nf3 {[%emt 0:00:05]} Bc4 {[%emt 0:00:05]} 32. Nd2 {[%emt 0:00:14]} Bb5 {[%emt 0:00:48]} 33. c4 {[%emt 0:00:05]} Rd8 {[%emt 0:00:00]} 34. Ke3 {[%emt 0:00:00]} Rxd2 {[%emt 0:00:06]} 35. Kxd2 {[%emt 0:00:00]} Bxc4 {[%emt 0:00:05]} 36. Rb1 {[%emt 0:00:04]} b5 {[%emt 0:00:02]} 37. Kc3 {[%emt 0:00:09]} Bd5 {[%emt 0:00:09]} 38. g3 {[%emt 0:00:06]} b4+ {[%emt 0:00:08]} 39. Kb2 {[%emt 0:00:09]} Kg8 {[%emt 0:00:05]} 40. Rd1 {[%emt 0:00:05]} Be6 {[%emt 0:00:05]} 41. Rd6 {[%emt 0:00:00]} Bxh3 {[%emt 0:00:00]} 42. Rxa6 {[%emt 0:00:00]} c4 {[%emt 0:00:09]} 43. Rb6 {[%emt 0:00:15]} b3 {[%emt 0:00:02]} 44. Rb8+ {[%emt 0:00:22]} Kf7 {[%emt 0:00:01]} 45. c3 {[%emt 0:00:14]} Bf5 {[%emt 0:00:05]} 46. Rb7+ {[%emt 0:00:05]} Kg6 {[%emt 0:00:03]} 47. Kc1 {[%emt 0:00:12]} h5 {[%emt 0:00:05]} 48. Kd2 {[%emt 0:00:05]} Kh6 {[%emt 0:00:09]} 49. Ke3 {[%emt 0:00:00]} g5 {[%emt 0:00:00]} 50. Kd4 {[%emt 0:00:00]} Bd3 {[%emt 0:00:02]} 51. Rb6 {[%emt 0:00:00]} Kg6 {[%emt 0:00:00]} 52. Rb8 {[%emt 0:00:01]} h4 {[%emt 0:00:09]} 53. gxh4 {[%emt 0:00:04]} gxh4 {[%emt 0:00:01]} 54. Rg8+ {[%emt 0:00:28]} Kf5 {[%emt 0:00:02]} 55. Rh8 {[%emt 0:00:03]} b2 {[%emt 0:00:03]} 56. Rb8 {[%emt 0:00:04]} b1=Q {[%emt 0:00:03]} 0-1

[Event "Redbull chessmasters 2019"]
[Site "Istambul"]
[Date "2019.11.24"]
[Round "2.13"]
[White "Alaz, Ahmet Efekan"]
[Black "Ererdem, Gani Eren"]
[Result "1-0"]
[WhiteElo "2288"]
[BlackElo "2105"]
[Annotator "ChessBase"]
[PlyCount "57"]
[EventDate "2019.11.23"]
[EventType "k.o."]
[EventCountry "TUR"]
[SourceTitle "playchess.com"]
[Source "ChessBase"]
[SourceQuality "1"]
[TimeControl "600+5"]

1. d4 {[%emt 0:00:00]} Nf6 {[%emt 0:00:00]} 2. Nf3 {[%emt 0:00:03]} e6 {[%emt 0:00:01]} 3. e3 {[%emt 0:00:01]} c5 {[%emt 0:00:45]} 4. Nbd2 {[%emt 0:00:38]} d5 {[%emt 0:00:56]} 5. c3 {[%emt 0:00:03]} Bd6 {[%emt 0:00:18]} 6. Bd3 {[%emt 0:00:03]} O-O {[%emt 0:00:12]} 7. O-O {[%emt 0:00:04]} cxd4 {[%emt 0:00:59]} 8. exd4 {[%emt 0:00:05]} b6 {[%emt 0:01:27]} 9. Qe2 {[%emt 0:02:43]} Bb7 {[%emt 0:00:13]} 10. Ne5 {[%emt 0:00:09]} Nc6 {[%emt 0:00:05]} 11. f4 {[%emt 0:00:07]} Ne7 {[%emt 0:00:41]} 12. g4 {[%emt 0:01:14]} g6 {[%emt 0:00:09]} 13. g5 {[%emt 0:01:40]} Nh5 {[%emt 0:00:38]} 14. Rf2 {[%emt 0:00:38]} Nf5 {[%emt 0:00:09]} 15. Nf1 {[%emt 0:00:22]} Qe7 {[%emt 0:01:23]} 16. Bd2 {[%emt 0:01:10]} f6 {[%emt 0:01:54]} 17. Ng4 {[%emt 0:01:10]} Rae8 {[%emt 0:00:30]} 18. Re1 {[%emt 0:00:01]} Bc6 {[%emt 0:00:35]} 19. Bxf5 {[%emt 0:01:12]} exf5 {[%emt 0:00:04]} 20. Nh6+ {[%emt 0:00:10]} Kg7 {[%emt 0:00:11]} 21. Nxf5+ {[%emt 0:00:04]} gxf5 {[%emt 0:00:08]} 22. Qxh5 {[%emt 0:00:02]} Qf7 {[%emt 0:00:21]} 23. Qh6+ {[%emt 0:00:05]} Kh8 {[%emt 0:00:06]} 24. Rxe8 {[%emt 0:00:09]} Bxe8 {[%emt 0:00:10]} 25. Ne3 {[%emt 0:00:03]} fxg5 {[%emt 0:00:06]} 26. Qxd6 {[%emt 0:00:05]} gxf4 {[%emt 0:00:00]} 27. Qe5+ {[%emt 0:00:04]} Qf6 {[%emt 0:00:05]} 28. Rxf4 {[%emt 0:00:05]} Rg8+ {[%emt 0:00:05]} 29. Kf2 {[%emt 0:00:00]} 1-0

[Event "Redbull chessmasters 2019"]
[Site "Istambul"]
[Date "2019.11.24"]
[Round "2.14"]
[White "Olcum, Ahmet"]
[Black "Cingoz, Ozan"]
[Result "0-1"]
[WhiteElo "2303"]
[BlackElo "2031"]
[Annotator "ChessBase"]
[PlyCount "88"]
[EventDate "2019.11.23"]
[EventType "k.o."]
[EventCountry "TUR"]
[SourceTitle "playchess.com"]
[Source "ChessBase"]
[SourceQuality "1"]
[TimeControl "600+5"]

1. e4 {[%emt 0:00:00]} c5 {[%emt 0:00:02]} 2. d3 {[%emt 0:00:00]} Nc6 {[%emt 0:00:51]} 3. g3 {[%emt 0:00:07]} g6 {[%emt 0:00:05]} 4. Bg2 {[%emt 0:00:05]} Bg7 {[%emt 0:00:05]} 5. Nf3 {[%emt 0:00:05]} Nf6 {[%emt 0:00:05]} 6. O-O {[%emt 0:00:06]} O-O {[%emt 0:00:05]} 7. Nc3 {[%emt 0:00:08]} d6 {[%emt 0:00:40]} 8. Nh4 {[%emt 0:00:03]} Rb8 {[%emt 0:00:17]} 9. f4 {[%emt 0:00:01]} Bd7 {[%emt 0:00:34]} 10. h3 {[%emt 0:00:23]} b5 {[%emt 0:00:26]} 11. g4 {[%emt 0:00:15]} b4 {[%emt 0:00:26]} 12. Ne2 {[%emt 0:00:01]} a5 {[%emt 0:00:50]} 13. Ng3 {[%emt 0:00:10]} a4 {[%emt 0:00:14]} 14. Rb1 {[%emt 0:00:17]} Nd4 {[%emt 0:00:22]} 15. g5 {[%emt 0:00:31]} Ne8 {[%emt 0:00:03]} 16. f5 {[%emt 0:00:38]} a3 {[%emt 0:01:00]} 17. b3 {[%emt 0:00:05]} Nb5 {[%emt 0:00:16]} 18. Bd2 {[%emt 0:00:04]} Nc3 {[%emt 0:00:05]} 19. Bxc3 {[%emt 0:00:05]} Bxc3 {[%emt 0:00:00]} 20. Ne2 {[%emt 0:00:09]} Be5 {[%emt 0:00:29]} 21. Nf3 {[%emt 0:00:16]} Bg7 {[%emt 0:00:09]} 22. Ng3 {[%emt 0:01:26]} Nc7 {[%emt 0:01:03]} 23. Nh2 {[%emt 0:00:05]} Nb5 {[%emt 0:00:07]} 24. Qf3 {[%emt 0:00:05]} Nd4 {[%emt 0:00:23]} 25. Qg4 {[%emt 0:02:01]} Nxc2 {[%emt 0:00:05]} 26. Qh4 {[%emt 0:00:03]} Bd4+ {[%emt 0:01:04]} 27. Kh1 {[%emt 0:00:05]} Ne3 {[%emt 0:00:00]} 28. f6 {[%emt 0:01:07]} exf6 {[%emt 0:00:38]} 29. gxf6 {[%emt 0:00:24]} Nxf1 {[%emt 0:00:28]} 30. Rxf1 {[%emt 0:00:05]} Rb6 {[%emt 0:00:00]} 31. Ng4 {[%emt 0:00:49]} Bxg4 {[%emt 0:00:33]} 32. hxg4 {[%emt 0:00:05]} d5 {[%emt 0:00:05]} 33. g5 {[%emt 0:00:08]} c4 {[%emt 0:00:26]} 34. exd5 {[%emt 0:01:22]} cxb3 {[%emt 0:00:37]} 35. Qxd4 {[%emt 0:00:05]} bxa2 {[%emt 0:00:08]} 36. Qh4 {[%emt 0:00:00]} b3 {[%emt 0:00:09]} 37. Qh6 {[%emt 0:00:01]} Rxf6 {[%emt 0:00:00]} 38. gxf6 {[%emt 0:00:24]} Qxf6 {[%emt 0:00:00]} 39. Rxf6 {[%emt 0:00:05]} a1=Q+ {[%emt 0:00:03]} 40. Rf1 {[%emt 0:00:05]} b2 {[%emt 0:00:08]} 41. Nh5 {[%emt 0:01:12]} b1=Q {[%emt 0:00:11]} 42. Rxb1 {[%emt 0:00:16]} Qxb1+ {[%emt 0:00:05]} 43. Kh2 {[%emt 0:00:00]} Qb2 {[%emt 0:00:10]} 44. d4 {[%emt 0:00:12]} Qxd4 {[%emt 0:00:03]} 0-1

[Event "Redbull chessmasters 2019"]
[Site "Istambul"]
[Date "2019.11.24"]
[Round "2.15"]
[White "Can, Melih Kaan"]
[Black "Isik, Esref"]
[Result "1-0"]
[WhiteElo "2138"]
[BlackElo "1920"]
[Annotator "ChessBase"]
[PlyCount "61"]
[EventDate "2019.11.23"]
[EventType "k.o."]
[EventCountry "TUR"]
[SourceTitle "playchess.com"]
[Source "ChessBase"]
[SourceQuality "1"]
[TimeControl "600+5"]

1. e4 {[%emt 0:00:00]} c5 {[%emt 0:00:00]} 2. Nf3 {[%emt 0:00:03]} Nc6 {[%emt 0:00:00]} 3. c3 {[%emt 0:00:13]} e6 {[%emt 0:00:05]} 4. d4 {[%emt 0:00:05]} cxd4 {[%emt 0:00:05]} 5. cxd4 {[%emt 0:00:05]} d5 {[%emt 0:00:00]} 6. e5 {[%emt 0:00:03]} Bb4+ {[%emt 0:00:26]} 7. Nc3 {[%emt 0:00:17]} Nge7 {[%emt 0:00:17]} 8. Bd3 {[%emt 0:00:07]} Nf5 {[%emt 0:01:14]} 9. O-O {[%emt 0:00:05]} Bxc3 {[%emt 0:00:05]} 10. bxc3 {[%emt 0:00:03]} Bd7 {[%emt 0:00:16]} 11. Ba3 {[%emt 0:00:39]} Nce7 {[%emt 0:00:05]} 12. Rb1 {[%emt 0:00:14]} Qc8 {[%emt 0:01:32]} 13. Qb3 {[%emt 0:00:17]} Bc6 {[%emt 0:00:24]} 14. Nd2 {[%emt 0:01:07]} f6 {[%emt 0:00:30]} 15. Rfe1 {[%emt 0:00:25]} Kf7 {[%emt 0:00:35]} 16. Nf3 {[%emt 0:00:29]} h5 {[%emt 0:00:17]} 17. Re2 {[%emt 0:00:03]} b6 {[%emt 0:01:02]} 18. Rbe1 {[%emt 0:00:05]} Bd7 {[%emt 0:00:14]} 19. c4 {[%emt 0:01:19]} dxc4 {[%emt 0:01:14]} 20. Bxc4 {[%emt 0:00:05]} b5 {[%emt 0:00:05]} 21. Bd3 {[%emt 0:00:13]} a5 {[%emt 0:00:27]} 22. Bc5 {[%emt 0:00:05]} a4 {[%emt 0:00:17]} 23. Qb1 {[%emt 0:00:13]} g5 {[%emt 0:00:59]} 24. exf6 {[%emt 0:00:13]} Kxf6 {[%emt 0:00:07]} 25. Ne5 {[%emt 0:01:36]} Ra6 {[%emt 0:01:32]} 26. Nxd7+ {[%emt 0:00:15]} Qxd7 {[%emt 0:00:05]} 27. Bxb5 {[%emt 0:00:02]} Qb7 {[%emt 0:00:16]} 28. Bxa6 {[%emt 0:00:29]} Qxa6 {[%emt 0:00:01]} 29. Qe4 {[%emt 0:00:05]} Ng7 {[%emt 0:00:05]} 30. Qe5+ {[%emt 0:00:05]} Kg6 {[%emt 0:00:06]} 31. Bxe7 {[%emt 0:00:16]} 1-0